Cat Breeds - Statistics

General Stats
  • This quiz has been taken 337 times
  • The average score is 17 of 75
Answer Stats
Answer % Correct
Siamese
84%
Maine Coon
78%
Persian
74%
Sphynx
70%
Ragdoll
67%
Russian Blue
61%
Scottish Fold
55%
American Shorthair
50%
Bengal
46%
Burmese
43%
Manx
41%
Abyssinian
40%
Devon Rex
36%
Norwegian Forest Cat
36%
Cornish Rex
35%
Munchkin
35%
Turkish Angora
34%
Egyptian Mau
32%
Himalayan
32%
Bombay
31%
Siberian Cat
30%
Japanese Bobtail
29%
Domestic Shorthair
28%
Turkish Van
28%
American Bobtail
27%
Birman
27%
Oriental Shorthair
27%
Savannah
26%
American Curl
25%
Ragamuffin
22%
Balinese
20%
Singapura
20%
Somali
20%
Exotic Shorthair
19%
Korat
19%
British Longhair
18%
Havana Brown
18%
Ocicat
18%
Tonkinese
17%
Lykoi
16%
American Wirehair
15%
Chartreux
15%
Javanese
15%
Snowshoe
15%
Oriental Longhair
14%
Selkirk Rex
14%
LaPerm
13%
Toyger
13%
Australian Mist
12%
Pixiebob
12%
Chausie
11%
Peterbald
11%
Sokoke
10%
American Ringtail
8%
Khao Manee
8%
Nebelung
8%
Arabian Mau
7%
German Rex
7%
California Spangled
6%
Donskoy
6%
Kurilian Bobtail
6%
Burmila
5%
Brazilian Shorthair
4%
Cheetoh
4%
Dwelf
4%
Minskin
4%
Ukrainian Levkoy
4%
Bambino
3%
Napoleon Cat
3%
Serengeti Cat
3%
Thai Cat
3%
Cymrics
2%
Cyprus Cat
2%
Mandalay
2%
Tiffany
2%
No matching quizzes found
Score Distribution
Percent of People with Each Score
Percentile by Number Answered
Your Score History
You have not taken this quiz